Tori Amos Songs with 1-Word Titles - Statistics

General Stats
  • This quiz has been taken 7 times
    3 since last reset
  • The average score is 43 of 88
Answer Stats
Answer % Correct
Bliss
100%
Butterfly
100%
Carbon
100%
Concertina
100%
Cooling
100%
Crazy
100%
Crucify
100%
Cruel
100%
Dātura
100%
Girl
100%
God
100%
Honey
100%
Horses
100%
Icicle
100%
iieee
100%
Josephine
100%
Juárez
100%
Leather
100%
Lust
100%
Marianne
100%
Mary
100%
Mother
100%
Pancake
100%
Parasol
100%
Spark
100%
Strange
100%
Suede
100%
Sugar
100%
Tombigbee
100%
Twinkle
100%
Virginia
100%
Wednesday
100%
Winter
100%
Alamo
50%
America
50%
Bats
50%
China
50%
Dragon
50%
Fayth
50%
Flavor
50%
Graveyard
50%
Hotel
50%
Ireland
50%
Merman
50%
Oysters
50%
Provincetown
50%
Samurai
50%
Shush
50%
Tempest
50%
Toast
50%
Veins
50%
Witness
50%
Angels
0%
Bachelorette
0%
Baltimore
0%
Bang
0%
Benjamin
0%
Breakaway
0%
Carry
0%
Christmastide
0%
Climb
0%
Dixie
0%
Fearlessness
0%
Finn
0%
Flicker
0%
Flood
0%
Garlands
0%
Give
0%
Holly
0%
Knocking
0%
Miracle
0%
Mountain
0%
Ophelia
0%
Pirates
0%
Promise
0%
Pyrite
0%
Russia
0%
Seaside
0%
Selkie
0%
Siren
0%
Snowblind
0%
Spies
0%
Starling
0%
Sucker
0%
Talula
0%
Thoughts
0%
Wildwood
0%
Wings
0%
No matching quizzes found
Score Distribution
Percent of People with Each Score
Percentile by Number Answered
Your Score History
You have not taken this quiz since the last reset